แสดงรายละเอียดบรรณานุกรม
  กลับหน้าหลัก

Brief Record : Get Marc (ISO 2709) : E-mail record : QR code ปิดหน้าต่าง
E-books : เกี่ยวกับ Collections
LEADER 00000nam 2200000uu 4500
001    211249
003     ULIBM
008    160912s||||||||th 000 0 tha d
020    ^a978-616-223-509-2
060  0 ^aWQ240 ภ476 2558
245 00 ^aภาวะฉุกเฉินทางสูติศาสตร์และนรีเวชวิทยา=^bEmergency in obstetrics and gynaecology/^cบรรณาธิการ,ชำนาญ เกียรติพีรกุล,รัตนา คำวิลัยศักดิ์ และยุทธพงศ์ วีระวัฒนตระกูล
246 00 ^aEmergency in obstetrics and gynaecology
250    ^aพิมพ์ครั้งที่ 1
260    ^aขอนแก่น:^bภาควิชาสูติศาสตร์และนรีเวชวิทยา คณะแพทยศาสตร์ มหาวิทยาลัยขอนแก่น,^c2558
300    ^a140 หน้า:^bภาพประกอบ;^c26 ซม.
650  0 ^aภาวะฉุกเฉินทางสูติศาสตร์
650  0 ^aสูติศาสตร์ฉุกเฉิน
650  0 ^aภาวะแทรกซ้อนขณะมีครรภ์
650  0 ^aนรีเวชวิทยา
650  0 ^aPregnay Complication
650  0 ^aEmergency Medicine
700 0  ^aชำนาญ เกียรติพีรกุล,บรรณาธิการ
700 0  ^aรัตนา คำวิลัยศักดิ์,บรรณาธิการ
700 0  ^aยุทธพงศ์ วีระวัฒนตระกูล,บรรณาธิการ
710 0  ^aมหาวิทยาลัยขอนแก่น คณะแพทยศาสตร์ ภาควิชาสูติศาสตร์และนรีเวชวิทยา
999    ^aใช้งานได้ทุกระบบ
รายการนี้ยังไม่มีแท็ก
คุณยังไม่ได้ล็อกอิน คุณสามารถมีกิจกรรมร่วมกับเว็บไซต์ได้ แต่ต้องล็อกอินก่อน ::
  ล็อกอิน
ลำดับที่ ประเภท เลขเรียก สถานที่ สถานะ
1. หนังสือทั่วไป
หนังสือทั่วไป
WQ240 ภ476 2558 ฉ.1 
  
การพยาบาลมารดาทารก On Shelf
  ขอยืม
Note:ปีงบ 59
2. หนังสือทั่วไป
หนังสือทั่วไป
WQ240 ภ476 2558 ฉ.2 
  
การพยาบาลมารดาทารก On Shelf
  ขอยืม
Note:ปีงบ 59
3. หนังสือทั่วไป
หนังสือทั่วไป
WQ240 ภ476 2558 ฉ.3 
  
การพยาบาลมารดาทารก On Shelf
  ขอยืม
Note:ปีงบ 59
4. หนังสือทั่วไป
หนังสือทั่วไป
WQ240 ภ476 2558 ฉ.4 
  
การพยาบาลมารดาทารก On Shelf
  ขอยืม
Note:ปีงบ 59
5. หนังสือทั่วไป
หนังสือทั่วไป
WQ240 ภ476 2558 ฉ.5 
  
การพยาบาลมารดาทารก On Shelf
  ขอยืม
Note:ปีงบ 59
6. หนังสือทั่วไป
หนังสือทั่วไป
WQ240 ภ476 2558 ฉ.6 
  
การพยาบาลมารดาทารก On Shelf
  ขอยืม
Note:ปีงบ 59
7. หนังสือทั่วไป
หนังสือทั่วไป
WQ240 ภ476 2558 ฉ.7 
  
การพยาบาลมารดาทารก On Shelf
  ขอยืม
Note:ปีงบ 59
8. หนังสือทั่วไป
หนังสือทั่วไป
WQ240 ภ476 2558 ฉ.8 
  
การพยาบาลมารดาทารก On Shelf
  ขอยืม
Note:ปีงบ 59
9. หนังสือทั่วไป
หนังสือทั่วไป
WQ240 ภ476 2558 ฉ.9 
  
การพยาบาลมารดาทารก On Shelf
  ขอยืม
Note:ปีงบ 59
10. หนังสือทั่วไป
หนังสือทั่วไป
WQ240 ภ476 2558 ฉ.10 
  
การพยาบาลมารดาทารก On Shelf
  ขอยืม
Note:ปีงบ 59
   [แสดง 10/10 รายการ]

รายการใกล้เคียง
    หัวเรื่อง [ภาวะฉุกเฉินทางสูติศาสตร์]
    หัวเรื่อง [สูติศาสตร์ฉุกเฉิน]
    หัวเรื่อง [ภาวะแทรกซ้อนขณะมีครรภ์]
    หัวเรื่อง [นรีเวชวิทยา]
    หัวเรื่อง [Emergency Medicine]

BibComment


ยังไม่เคยถูกคอมเมนท์

คอมเมนท์ทรัพยากรรายการนี้
  คอมเมนท์: ภาวะฉุกเฉินทางสู..
Bib 211249

 
 
 

 Union Library Management : ULibM
Copyright 2026. All Rights Reserved.
скачать бесплатно без регистрации порно красивый секс HD Sex Hindi sex

xxx gou

xxxx

bfxxx

xxxwww

Секса Видео

xxxx

Секса Видео

detube

geilexxx

C99 Shell

worms shell

blod xxx video
Ebony Coed Rihanna Rimes Takes A Dick In Her Young Twat priyaa indian fuck anal and pusssy hardcore indian women xxx desi hardcore fucking part 1 bengalixxxcouple